000 00872nam a2200253 i 4500
001 bg
100 1 _aOPALIŃSKI, Stefan
245 1 0 _aWentylacja grawitacyjna /
_cStefan Opaliński, Sławomir Rabczak.
260 _aRzeszów :
_bOficyna Wydawnicza Politechniki Rzeszowskiej,
_c2003.
300 _a167 s. :
_bfot., rys., tab., wykr. ;
_c24 cm.
504 _aBibliogr. s. 99.
521 _aSkrypt uczelniany dla studentów Wydziału Budownictwa i Inżynierii Środowiska do wykładów i ćwiczeń z przedmiotu "wentylacja i klimatyzacja".
650 9 _aMieszkania
_xwyposażenie
650 9 _aWentylacja
655 _aPodręczniki akademickie
700 1 _aRABCZAK, Sławomir
020 _a8371992696
040 _cBPK
041 0 _apol
080 _a697:628.8](075.8)
920 _a83-7199-269-6
942 _cKS
008 s pl f |000 0 pol
999 _c44726
_d44726
856 _uhttp://koha.tu.koszalin.pl/cgi-bin/koha/opac-detail.pl?biblionumber=44726
_yKatalog online BPK